Daily U.S. State Riddle #26 - Statistics

General Stats
  • This quiz has been taken 95 times
  • The average score is 31 of 35
Answer Stats
Type Answer % Correct
Found Letter A
100%
Alphabet Letter E
100%
Found Letter L
100%
Alphabet Letter M
100%
Alphabet Letter N
100%
Found Letter R
100%
Alphabet Letter I
99%
Found Letter O
99%
Alphabet Letter S
99%
Alphabet Letter H
98%
Alphabet Letter K
96%
Found Letter D
95%
Alphabet Letter U
94%
Found Letter C
93%
Alphabet Letter G
93%
Alphabet Letter T
93%
Alphabet Letter W
93%
Alphabet Letter Y
93%
Alphabet Letter B
89%
Correctly Placed Letter A
87%
Alphabet Letter F
86%
Correctly Placed Letter L
85%
Alphabet Letter V
85%
Alphabet Letter Z
84%
Alphabet Letter X
80%
Alphabet Letter P
79%
Alphabet Letter J
75%
Correctly Placed Letter C
71%
Mystery U.S. State Colorado
71%
Correctly Placed Letter D
71%
Correctly Placed Letter O
71%
Correctly Placed Letter O
71%
Correctly Placed Letter O
71%
Alphabet Letter Q
71%
Correctly Placed Letter R
71%
No matching quizzes found
Score Distribution
Percent of People with Each Score
Percentile by Number Answered
Your Score History
You have not taken this quiz